000 00474nam a22001817a 4500
005 20180206115027.0
008 160429b xxu||||| |||| 00| 0 eng d
020 _a9971-51287-4
041 _aeng
082 _b00781
_a005.133
100 _aHorstmann, Cay S.
_94093
245 _aComputing concepts with JAVA2 Essentials
250 _a2nd ed.
260 _aNew York
_bJohn wilry & Sons, Inc,
_c2004
300 _a762
650 _aInformation Technology
_9137
942 _cBK
999 _c253
_d253